[Event "SportAccord Blitz 2014"]
[Site "Beijing CHN"]
[Date "2014.12.13"]
[Round "15.2"]
[White "Wojtaszek, Radoslaw"]
[Black "Dominguez Perez, Leinier"]
[Result "0-1"]
[WhiteTitle "GM"]
[BlackTitle "GM"]
[WhiteElo "2744"]
[BlackElo "2726"]
[WhiteFideId "1118358"]
[BlackFideId "3503240"]
[EventDate "2014.12.13"]

1. Nf3 d5 2. d4 Nf6 3. c4 dxc4 4. e3 e6 5. Bxc4 a6 6. O-O c5 7. Bb3 Be7 8. Qe2
O-O 9. Rd1 cxd4 10. exd4 Nc6 11. Nc3 Na5 12. Bc2 b5 13. Bg5 Bb7 14. Ne5 Rc8 15.
Rd3 Nc4 16. Rh3 g6 17. Rd1 Nd5 18. Nxg6 hxg6 19. Bxg6 Bxg5 20. Qh5 Kg7 21. Qh7+
Kf6 22. Rf3+ Nf4 23. d5 Ke7 24. Ne4 Ne5 25. Rxf4 Bxf4 26. Qh4+ f6 27. Qh7+ Nf7
28. Qg7 Be5 29. f4 Bxd5 30. fxe5 Qb6+ 31. Kh1 Kd7 32. Bxf7 Kc7 33. Bxe6+ Kb8 34.
Bxd5 fxe5 35. Qxe5+ Rc7 36. h3 Rd8 37. Nc3 Qc5 0-1

[Event "SportAccord Blitz 2014"]
[Site "Beijing CHN"]
[Date "2014.12.13"]
[Round "16.3"]
[White "Leko, Peter"]
[Black "Dominguez Perez, Leinier"]
[Result "0-1"]
[WhiteTitle "GM"]
[BlackTitle "GM"]
[WhiteElo "2723"]
[BlackElo "2726"]
[WhiteFideId "703303"]
[BlackFideId "3503240"]
[EventDate "2014.12.13"]

1. e4 c5 2. Nf3 d6 3. d4 cxd4 4. Nxd4 Nf6 5. Nc3 a6 6. Be3 Ng4 7. Bg5 h6 8. Bh4
g5 9. Bg3 Bg7 10. h3 Ne5 11. f3 Nbc6 12. Bf2 Be6 13. h4 Rc8 14. hxg5 hxg5 15.
Rxh8+ Bxh8 16. Qd2 Bc4 17. Be2 Nxd4 18. Bxd4 Qa5 19. a3 b5 20. b4 Qc7 21. Rd1 0-1

[Event "SportAccord Blitz 2014"]
[Site "Beijing CHN"]
[Date "2014.12.13"]
[Round "16.5"]
[White "Vachier-Lagrave, Maxime"]
[Black "Bacrot, Etienne"]
[Result "1-0"]
[WhiteTitle "GM"]
[BlackTitle "GM"]
[WhiteElo "2758"]
[BlackElo "2718"]
[WhiteFideId "623539"]
[BlackFideId "605506"]
[EventDate "2014.12.13"]

1. Nf3 d5 2. g3 g6 3. Bg2 Bg7 4. O-O e5 5. d3 Ne7 6. e4 O-O 7. exd5 Nxd5 8. Nc3
Ne7 9. Re1 Nbc6 10. a4 h6 11. Bd2 Bg4 12. h3 Be6 13. Rb1 a5 14. Nb5 Qd7 15. Kh2
g5 16. Bc3 Ng6 17. d4 e4 18. Rxe4 Rad8 19. Re1 Bd5 20. Ne5 Qf5 21. Qe2 Bxg2 22.
Kxg2 Rfe8 23. Qf3 Qxf3+ 24. Nxf3 Rxe1 25. Rxe1 Rc8 26. Rd1 Nge7 27. d5 Nb4 28.
Bxg7 Kxg7 29. c4 c6 30. Nd6 Rb8 31. Re1 Ng6 32. Nf5+ Kf6 33. Nxh6 cxd5 34. cxd5
Nxd5 35. Ng4+ Kg7 36. Nxg5 b5 37. axb5 Rxb5 38. Rd1 Nb6 39. h4 Rxb2 40. h5 Ne7
41. h6+ Kg6 42. h7 Kg7 43. Rd8 Ng6 44. Rg8# 1-0

[Event "SportAccord Blitz 2014"]
[Site "Beijing CHN"]
[Date "2014.12.13"]
[Round "17.3"]
[White "Wang, Hao"]
[Black "Vachier-Lagrave, Maxime"]
[Result "0-1"]
[WhiteTitle "GM"]
[BlackTitle "GM"]
[WhiteElo "2710"]
[BlackElo "2758"]
[WhiteFideId "8602883"]
[BlackFideId "623539"]
[EventDate "2014.12.13"]

1. e4 c5 2. Nf3 d6 3. d4 cxd4 4. Nxd4 Nf6 5. Nc3 a6 6. Be3 Ng4 7. Bc1 Nf6 8. Be2
e5 9. Nb3 Be7 10. O-O O-O 11. Re1 Be6 12. Bf1 Qc7 13. Nd5 Nxd5 14. exd5 Bf5 15.
c4 Nd7 16. Be3 a5 17. Rc1 a4 18. Na1 Bg6 19. Nc2 f5 20. f3 Bh4 21. g3 f4 22. Bf2
fxg3 23. hxg3 Bg5 24. Ra1 Nc5 25. Na3 b6 26. Nb5 Qd7 27. Kg2 Rf6 28. b4 axb3 29.
axb3 Rxa1 30. Qxa1 Bh5 31. Be2 e4 32. f4 Bxe2 33. Rxe2 Bxf4 34. b4 Qg4 35. Nd4
e3 36. bxc5 exf2 37. Qa8+ Rf8 38. Qxf8+ Kxf8 39. Ne6+ Kg8 40. Nxf4 g5 41. Rxf2
gxf4 42. Rxf4 Qe2+ 43. Kh3 bxc5 44. Kh4 h6 45. Kh3 Kg7 46. Kh4 Kg6 47. Kh3 Kg5
48. Rh4 Qf1+ 49. Kh2 Qf2+ 50. Kh3 h5 0-1

[Event "SportAccord Blitz 2014"]
[Site "Beijing CHN"]
[Date "2014.12.13"]
[Round "17.4"]
[White "Bacrot, Etienne"]
[Black "Wojtaszek, Radoslaw"]
[Result "1-0"]
[WhiteTitle "GM"]
[BlackTitle "GM"]
[WhiteElo "2718"]
[BlackElo "2744"]
[WhiteFideId "605506"]
[BlackFideId "1118358"]
[EventDate "2014.12.13"]

1. d4 Nf6 2. c4 e6 3. Nf3 c5 4. d5 d6 5. Nc3 exd5 6. cxd5 g6 7. Bf4 a6 8. e4 b5
9. Bd3 Bg7 10. O-O Bg4 11. Re1 O-O 12. h3 Bxf3 13. Qxf3 Ne8 14. a3 Nd7 15. Bf1
Ne5 16. Qd1 Qe7 17. Bh2 Nd7 18. f4 Bd4+ 19. Kh1 Qh4 20. e5 Ng7 21. Qg4 Qxg4 22.
hxg4 dxe5 23. fxe5 Rae8 24. a4 b4 25. Ne4 Kh8 26. Nd6 Re7 27. Nc4 Rfe8 28. Rad1
h5 29. Nd6 Rf8 30. Bxa6 hxg4 31. Bb5 Nxe5 32. Rxd4 cxd4 33. Rxe5 Rc7 34. Re1 Rc2
35. Be5 f6 36. Bxd4 Nh5 37. Ne4 Kh7 38. d6 f5 39. Ng5+ Kh6 40. Ne6 Ra8 41. d7 f4
42. d8=Q Rxd8 43. Nxd8 Kg5 44. Ne6+ Kh4 45. Kg1 Kg3 46. Bf1 f3 47. Be5+ Kh4 48.
Bd4 Kg3 49. gxf3 gxf3 50. Ng5 Kg4 51. Ne4 Ng3 52. Nxg3 Kxg3 53. Rb1 g5 54. a5
f2+ 55. Bxf2+ Rxf2 56. a6 Rf7 57. Ra1 Ra7 58. Ra4 Kf3 59. Rxb4 1-0

[Event "SportAccord Blitz 2014"]
[Site "Beijing CHN"]
[Date "2014.12.13"]
[Round "17.6"]
[White "Dominguez Perez, Leinier"]
[Black "Aronian, Levon"]
[Result "1/2-1/2"]
[WhiteTitle "GM"]
[BlackTitle "GM"]
[WhiteElo "2726"]
[BlackElo "2797"]
[WhiteFideId "3503240"]
[BlackFideId "13300474"]
[EventDate "2014.12.13"]

1. e4 e5 2. Nf3 Nc6 3. Bb5 Nf6 4. d3 Bd6 5. O-O a6 6. Ba4 O-O 7. c3 Re8 8. Nbd2
Bf8 9. Re1 b5 10. Bb3 Na5 11. Bc2 c5 12. Nf1 h6 13. Ng3 d6 14. h3 Nc6 15. d4
cxd4 16. cxd4 exd4 17. Nxd4 Nxd4 18. Qxd4 Qc7 19. Qd3 d5 20. Bd2 dxe4 21. Nxe4
Rxe4 22. Rxe4 Bf5 23. Rc4 Qxc4 24. Qxc4 bxc4 25. Bxf5 Rb8 26. b3 cxb3 27. axb3
Rxb3 28. Rxa6 Rb5 29. Ra5 Rxa5 30. Bxa5 1/2-1/2

[Event "SportAccord Blitz 2014"]
[Site "Beijing CHN"]
[Date "2014.12.13"]
[Round "17.8"]
[White "Nepomniachtchi, Ian"]
[Black "Harikrishna, Pentala"]
[Result "1/2-1/2"]
[WhiteTitle "GM"]
[BlackTitle "GM"]
[WhiteElo "2714"]
[BlackElo "2727"]
[WhiteFideId "4168119"]
[BlackFideId "5007003"]
[EventDate "2014.12.13"]

1. Nf3 Nf6 2. g3 g6 3. Bg2 Bg7 4. O-O O-O 5. d4 d5 6. c4 c6 7. b3 dxc4 8. bxc4
c5 9. Bb2 Qb6 10. Qb3 Nc6 11. d5 Na5 12. Qxb6 axb6 13. Nbd2 b5 14. cxb5 Nxd5 15.
Bxg7 Kxg7 16. Ne5 Nc3 17. Rfe1 Nxb5 18. Rac1 Be6 19. Rxc5 Nd6 20. Rc2 Rfc8 21.
Rb2 Nc6 22. Nxc6 bxc6 23. Nb3 Bxb3 24. axb3 Rab8 25. Rc1 c5 26. e3 Rb4 27. Rcc2
c4 28. bxc4 Rcxc4 29. Rxb4 Rxc2 30. h4 h5 31. Bf1 f5 32. Bd3 Rc3 33. Rd4 Nf7 34.
Be2 Rc2 35. Kf1 Nd6 36. Bd3 Rb2 37. Rd5 Kf6 38. Rd4 Rd2 39. Ke1 Ra2 40. Kf1 Ke5
41. Ke1 Kf6 42. Rb4 Ra1+ 43. Ke2 Ra2+ 44. Ke1 Ra1+ 45. Ke2 Ra2+ 46. Kf1 Rd2 47.
Rb3 Ra2 48. Bb1 Ra5 49. Kg2 Rb5 50. Bc2 Rxb3 1/2-1/2

[Event "SportAccord Blitz 2014"]
[Site "Beijing CHN"]
[Date "2014.12.13"]
[Round "18.2"]
[White "Leko, Peter"]
[Black "Bacrot, Etienne"]
[Result "0-1"]
[WhiteTitle "GM"]
[BlackTitle "GM"]
[WhiteElo "2723"]
[BlackElo "2718"]
[WhiteFideId "703303"]
[BlackFideId "605506"]
[EventDate "2014.12.13"]

1. Nf3 Nc6 2. e4 d5 3. exd5 Qxd5 4. d4 e5 5. Nc3 Bb4 6. a3 Bxc3+ 7. bxc3 e4 8.
Nd2 Nf6 9. Nc4 Bg4 10. Qd2 Bh5 11. Qg5 Qxg5 12. Bxg5 Nd5 13. Bd2 O-O-O 14. Ne3
Nb6 15. Rb1 Rhe8 16. g4 Bg6 17. h4 f6 18. g5 Bf7 19. gxf6 gxf6 20. Rb5 Ne7 21.
Rg1 a6 22. Ra5 Rg8 23. Rxg8 Rxg8 24. Bh3+ Kd8 25. Rc5 Na4 26. Ra5 Nb2 27. d5
Rg1+ 28. Bf1 b6 29. Rxa6 Nxd5 30. Ra8+ Kd7 31. Rf8 Nxe3 32. Rxf7+ Ke8 33. Bxe3
Kxf7 34. Ke2 Nc4 35. Bf4 c6 36. a4 Nb2 37. Bh3 Nxa4 38. Bd2 Nb2 39. Bf5 Nc4 40.
Bf4 h5 41. Bxe4 Rg4 42. Kf3 Rxh4 43. Kg3 Rg4+ 44. Kf3 Ne5+ 45. Ke3 h4 46. Bf5
Rg1 47. Ke2 c5 48. Bh2 Rh1 49. Bf4 h3 50. Be4 Rg1 51. Bh2 Rc1 52. Kd2 Rb1 53.
Bg3 Ng4 54. Bd5+ Kg7 0-1

[Event "SportAccord Blitz 2014"]
[Site "Beijing CHN"]
[Date "2014.12.13"]
[Round "18.3"]
[White "Wojtaszek, Radoslaw"]
[Black "Wang, Hao"]
[Result "1/2-1/2"]
[WhiteTitle "GM"]
[BlackTitle "GM"]
[WhiteElo "2744"]
[BlackElo "2710"]
[WhiteFideId "1118358"]
[BlackFideId "8602883"]
[EventDate "2014.12.13"]

1. Nf3 d5 2. d4 Nf6 3. c4 c6 4. Nc3 dxc4 5. a4 Bf5 6. e3 e6 7. Bxc4 Bb4 8. Ne5
Nbd7 9. Nxd7 Nxd7 10. O-O Bg6 11. Qb3 Qb6 12. Rd1 O-O 13. Bd2 a5 14. Be2 Rfd8
15. Be1 Be7 16. Qxb6 Nxb6 17. Rdc1 Nd5 18. Nxd5 exd5 19. Bc3 f6 20. Rd1 Kf7 21.
Bd3 Bxd3 22. Rxd3 Ra6 23. Kf1 f5 24. Ke2 Rda8 25. Kd2 h5 26. Kc2 h4 27. f3 Re8
28. Re1 Bd6 29. h3 Bc7 30. Rd2 Raa8 31. Rde2 Kg6 32. Kd3 Re6 33. e4 dxe4+ 34.
fxe4 Rae8 35. exf5+ Kxf5 36. Rxe6 Rxe6 37. Rxe6 Kxe6 38. Ke4 b6 39. Be1 Bd8 40.
b3 g6 41. Bd2 Be7 42. Bf4 Bd8 43. Be5 g5 44. Bb8 b5 45. Be5 bxa4 46. bxa4 Bb6
47. Bb8 Bd8 48. Ba7 Bc7 49. Bc5 Bd8 50. Ba3 Bb6 51. Bb2 Bd8 52. Bc3 Bb6 53. Be1
Bd8 54. Bd2 Kd6 55. Be1 Ke6 56. Bd2 Kd6 57. Be1 1/2-1/2

[Event "SportAccord Blitz 2014"]
[Site "Beijing CHN"]
[Date "2014.12.13"]
[Round "18.4"]
[White "Vachier-Lagrave, Maxime"]
[Black "Ponomariov, Ruslan"]
[Result "1/2-1/2"]
[WhiteTitle "GM"]
[BlackTitle "GM"]
[WhiteElo "2758"]
[BlackElo "2714"]
[WhiteFideId "623539"]
[BlackFideId "14103320"]
[EventDate "2014.12.13"]

1. Nf3 d6 2. e4 Nf6 3. Nc3 g6 4. Bc4 Bg7 5. O-O O-O 6. Re1 c6 7. d4 Bg4 8. h3
Bxf3 9. Qxf3 e5 10. dxe5 dxe5 11. Bg5 Nbd7 12. Rad1 Qc7 13. a3 h6 14. Be3 Kh7
15. Rd2 Nb6 16. Ba2 Rad8 17. Red1 Rxd2 18. Rxd2 Nbd7 19. g4 a6 20. Ne2 b5 21.
Ng3 c5 22. h4 c4 23. g5 Ng8 24. c3 Nc5 25. Bb1 Ne6 26. Qg4 Rd8 27. Rd5 Ne7 28.
Rxd8 Qxd8 29. Bc2 h5 30. Qd1 Qc7 31. Nf5 Bf8 32. Nxe7 Bxe7 33. Qd5 Bc5 34. a4
Bxe3 35. fxe3 Qb6 36. Qd2 Kg7 37. axb5 axb5 38. Kf2 Qc5 39. Qd5 Kf8 40. Bd1 Qxd5
41. exd5 Nc5 42. Bc2 Ke7 43. e4 Kd6 44. Ke3 Nd7 45. Bd1 Kc5 46. b4+ cxb3 47.
Bxb3 Kd6 48. Bd1 Nb6 49. Be2 Kc5 50. Kd2 Nc8 51. Bd3 Nd6 52. Kc2 b4 53. Kb3 bxc3
54. Kxc3 Ne8 55. Bc2 Nd6 56. Bd3 Ne8 57. Bc2 Nd6 58. Bd3 Ne8 1/2-1/2

[Event "SportAccord Blitz 2014"]
[Site "Beijing CHN"]
[Date "2014.12.13"]
[Round "18.8"]
[White "Gelfand, Boris"]
[Black "Dominguez Perez, Leinier"]
[Result "1/2-1/2"]
[WhiteTitle "GM"]
[BlackTitle "GM"]
[WhiteElo "2743"]
[BlackElo "2726"]
[WhiteFideId "2805677"]
[BlackFideId "3503240"]
[EventDate "2014.12.13"]

1. Nf3 d5 2. d4 Nf6 3. c4 dxc4 4. e3 e6 5. Bxc4 a6 6. O-O c5 7. Bb3 Be7 8. Qe2
cxd4 9. Rd1 O-O 10. Nc3 Nc6 11. Nxd4 Qc7 12. Nxc6 Qxc6 13. e4 b5 14. Bg5 Bb7 15.
Rac1 Qe8 16. f3 Rc8 17. Be3 Nd7 18. Qf2 Nc5 19. Bc2 b4 20. Ne2 a5 21. Bb1 Qb5
22. Nd4 Qa6 23. Qf1 Qxf1+ 24. Kxf1 Na4 25. Rxc8 Rxc8 26. Rc1 Nxb2 27. Rxc8+ Bxc8
28. Nc6 Ba6+ 29. Ke1 Bd6 30. Nxa5 Bxh2 31. Nc6 Bd6 32. e5 Bf8 33. Bd2 Nd3+ 34.
Bxd3 Bxd3 35. Bxb4 Bb5 36. Bxf8 Bxc6 37. Bc5 f6 38. exf6 gxf6 1/2-1/2

[Event "SportAccord Blitz 2014"]
[Site "Beijing CHN"]
[Date "2014.12.14"]
[Round "19.1"]
[White "Ponomariov, Ruslan"]
[Black "Wojtaszek, Radoslaw"]
[Result "1-0"]
[WhiteTitle "GM"]
[BlackTitle "GM"]
[WhiteElo "2714"]
[BlackElo "2744"]
[WhiteFideId "14103320"]
[BlackFideId "1118358"]
[EventDate "2014.12.13"]

1. e4 c5 2. Nf3 d6 3. d4 cxd4 4. Nxd4 Nf6 5. Nc3 a6 6. h3 e5 7. Nb3 Be6 8. Be3
Nbd7 9. g4 Rc8 10. Qd2 h6 11. O-O-O b5 12. f4 b4 13. Nd5 Nxe4 14. Qxb4 Ng3 15.
Rg1 Nxf1 16. Rgxf1 Bxd5 17. Rxd5 Be7 18. Qa5 O-O 19. Qxd8 Rfxd8 20. c3 Nf6 21.
Ra5 exf4 22. Rxf4 d5 23. Rxa6 Ne4 24. Kc2 Ng5 25. Ra7 Bf6 26. a4 Nxh3 27. Rb4
Ng5 28. Bd4 Bxd4 29. Nxd4 g6 30. a5 Ne4 31. Rb6 Nc5 32. Nc6 Ra8 33. Rxa8 Rxa8
34. b4 Nd7 35. Rb7 Nf6 36. b5 Ne4 37. a6 Nd6 38. Rb6 Nxb5 39. Rxb5 Rxa6 40. Ne7+
Kg7 41. Nxd5 Re6 42. Kd3 Re5 43. c4 Re1 44. Ne3 Rc1 45. Rb2 Kf6 46. Rc2 Ra1 47.
c5 Ke6 48. Ke4 Ra4+ 49. Rc4 f5+ 50. gxf5+ gxf5+ 51. Kd4 Ra8 52. Rc1 Rd8+ 53. Kc4
f4 54. Nc2 Ke5 55. Re1+ Kf5 56. Nd4+ Kg4 57. Rg1+ Kh3 58. c6 Rc8 59. Kc5 h5 60.
Kb6 Rb8+ 61. Ka7 Rb4 62. c7 Rc4 63. Kb7 Rb4+ 64. Ka6 Rc4 65. Kb6 f3 66. Nxf3 h4
67. Ne5 Rc3 68. Nc6 1-0

[Event "SportAccord Blitz 2014"]
[Site "Beijing CHN"]
[Date "2014.12.13"]
[Round "19.2"]
[White "Wang, Hao"]
[Black "Leko, Peter"]
[Result "1-0"]
[WhiteTitle "GM"]
[BlackTitle "GM"]
[WhiteElo "2710"]
[BlackElo "2723"]
[WhiteFideId "8602883"]
[BlackFideId "703303"]
[EventDate "2014.12.13"]

1. d4 Nf6 2. c4 e6 3. Nc3 Bb4 4. e3 O-O 5. Ne2 d5 6. a3 Be7 7. cxd5 exd5 8. g3
c6 9. Bg2 Na6 10. O-O Nc7 11. Qc2 Re8 12. Rd1 Bd7 13. h3 Rc8 14. Kh2 a6 15. Bd2
Nb5 16. Be1 Bf8 17. Nxb5 axb5 18. Qb3 Qc7 19. Nf4 Bf5 20. Rac1 Be4 21. f3 Bg6
22. g4 Bd6 23. Bg3 h5 24. Kh1 hxg4 25. hxg4 Qe7 26. Rc3 Bh7 27. Kg1 b4 28. axb4
Bxb4 29. Rcc1 Qxe3+ 30. Qxe3 Rxe3 31. g5 Ne8 32. Nxd5 Rb3 33. Nxb4 Rxb4 34. d5
Bf5 35. d6 Rd8 36. Rc5 Be6 37. Be5 f6 38. gxf6 gxf6 39. Bc3 Rc4 40. Rxc4 Bxc4
41. d7 Nc7 42. Bxf6 1-0

[Event "SportAccord Blitz 2014"]
[Site "Beijing CHN"]
[Date "2014.12.13"]
[Round "19.3"]
[White "Bacrot, Etienne"]
[Black "Aronian, Levon"]
[Result "1/2-1/2"]
[WhiteTitle "GM"]
[BlackTitle "GM"]
[WhiteElo "2718"]
[BlackElo "2797"]
[WhiteFideId "605506"]
[BlackFideId "13300474"]
[EventDate "2014.12.13"]

1. d4 Nf6 2. c4 g6 3. f3 Nh5 4. e4 e5 5. Be3 d6 6. Ne2 Bg7 7. g4 Nf4 8. Nxf4
exf4 9. Bxf4 Nc6 10. Be3 Qh4+ 11. Bf2 Qf6 12. Nc3 Nxd4 13. Bg2 Ne6 14. Qd2 h5
15. gxh5 Rxh5 16. Be3 Qh4+ 17. Bf2 Qg5 18. Be3 Qh4+ 19. Bf2 Bh6 20. Qxh6 Rxh6
21. Bxh4 Rxh4 22. Rd1 Bd7 23. Kf2 Bc6 24. Kg3 g5 25. Bh3 Nf4 26. Bg4 Ke7 27. b4
Rah8 28. c5 Rxg4+ 29. Kxg4 Bd7+ 30. Kg3 Rh3+ 31. Kf2 g4 32. cxd6+ cxd6 33. Nd5+
Nxd5 34. exd5 Rxf3+ 35. Kg2 f5 36. Rhe1+ Kf6 37. Rc1 f4 38. Rc7 Bf5 39. Rxb7 Ra3
40. Rb8 Rxa2+ 41. Kf1 Bd3+ 42. Kg1 f3 43. Rf8+ Kg5 44. Rg8+ Kf4 45. Rf8+ Kg5 46.
Rg8+ Kf4 47. Rf8+ 1/2-1/2

[Event "SportAccord Blitz 2014"]
[Site "Beijing CHN"]
[Date "2014.12.13"]
[Round "20.3"]
[White "Vachier-Lagrave, Maxime"]
[Black "Nepomniachtchi, Ian"]
[Result "1-0"]
[WhiteTitle "GM"]
[BlackTitle "GM"]
[WhiteElo "2758"]
[BlackElo "2714"]
[WhiteFideId "623539"]
[BlackFideId "4168119"]
[EventDate "2014.12.13"]

1. e4 e6 2. d4 d5 3. Nd2 c5 4. Ngf3 cxd4 5. Nxd4 Nf6 6. exd5 Qxd5 7. Nb5 Na6 8.
Nc3 Qd6 9. Qf3 Nb4 10. Bb5+ Bd7 11. O-O Bxb5 12. Nxb5 Qb6 13. a4 a6 14. Nc4 Qd8
15. Rd1 Nbd5 16. Nc3 Qc7 17. Nxd5 Nxd5 18. Ne3 Nxe3 19. Bxe3 Bd6 20. Rd3 Be5 21.
c3 O-O 22. Rad1 Rad8 23. g3 b5 24. axb5 axb5 25. Qe4 Bf6 26. Rxd8 Rxd8 27. Rxd8+
Qxd8 28. Qc6 Qd1+ 29. Kg2 Qd5+ 30. Qxd5 exd5 31. Bc5 Be5 32. f4 Bc7 33. f5 f6
34. g4 Kf7 35. h3 g6 36. Kf3 gxf5 37. gxf5 Be5 38. Ke2 Ke8 39. Kd3 Kd7 40. Bd4
Kd6 41. Ke3 Ke7 42. Kd3 Kd6 43. Kc2 Ke7 44. Bc5+ Kd7 45. Kb3 Bc7 46. Bd4 Bd8 47.
Kb4 Kc6 48. Bf2 Bc7 49. Be3 Be5 50. Ka5 Bc7+ 51. Ka6 Bd8 52. Bd4 Be7 53. b4 h5
54. Ka7 Kc7 55. Bb6+ Kc6 56. Be3 Bd6 57. Bd4 Be5 58. Ka6 Bc7 59. Bxf6 Bd8 60.
Bxd8 1-0

[Event "SportAccord Blitz 2014"]
[Site "Beijing CHN"]
[Date "2014.12.13"]
[Round "20.5"]
[White "Harikrishna, Pentala"]
[Black "Dominguez Perez, Leinier"]
[Result "1-0"]
[WhiteTitle "GM"]
[BlackTitle "GM"]
[WhiteElo "2727"]
[BlackElo "2726"]
[WhiteFideId "5007003"]
[BlackFideId "3503240"]
[EventDate "2014.12.13"]

1. Nf3 c5 2. c4 Nc6 3. Nc3 e5 4. e3 Nf6 5. d4 e4 6. d5 exf3 7. dxc6 bxc6 8. gxf3
d6 9. e4 Rb8 10. Rg1 g6 11. Qa4 Qc7 12. Bg5 Nd7 13. Qc2 Bg7 14. f4 O-O 15. Bd3
Re8 16. Kf1 Qa5 17. Rc1 Nb6 18. f5 Nd7 19. f4 Ba6 20. Rg3 Nb6 21. b3 d5 22. cxd5
cxd5 23. Nxd5 Nxd5 24. exd5 Bd4 25. fxg6 fxg6 26. Kg2 Bxd3 27. Rxd3 Qb5 28. Qc4
Qd7 29. d6+ Re6 30. Re1 Re8 31. Qd5 Kg7 32. Rxe6 Rxe6 33. Rxd4 cxd4 34. Qxd4+
Kf7 35. Qh8 Qc6+ 36. Kg3 Rxd6 37. Qxh7+ Ke6 38. Qe7+ 1-0

[Event "SportAccord Blitz 2014"]
[Site "Beijing CHN"]
[Date "2014.12.13"]
[Round "20.6"]
[White "Leko, Peter"]
[Black "Ponomariov, Ruslan"]
[Result "0-1"]
[WhiteTitle "GM"]
[BlackTitle "GM"]
[WhiteElo "2723"]
[BlackElo "2714"]
[WhiteFideId "703303"]
[BlackFideId "14103320"]
[EventDate "2014.12.13"]

1. e4 g6 2. d4 Bg7 3. Nc3 d6 4. Be3 a6 5. Nf3 Nf6 6. Qd2 O-O 7. Bh6 Nc6 8. Bxg7
Kxg7 9. d5 Ne5 10. Nxe5 dxe5 11. O-O-O Qd6 12. f3 b5 13. Qe3 c6 14. g4 Bb7 15.
g5 Nh5 16. dxc6 Qxc6 17. Nd5 Rad8 18. Be2 e6 19. Nb4 Qc7 20. Nd3 Nf4 21. Rd2 Rh8
22. Rhd1 h6 23. h4 hxg5 24. hxg5 Rh5 25. Rg1 Bc8 26. a3 Rdh8 27. Bd1 Rh2 28. Kb1
Rxd2 29. Qxd2 Qd6 30. Qc3 Nxd3 31. cxd3 Qd4 32. Rg2 Bd7 33. Qxd4 exd4 34. f4 Rh4
35. Rf2 Kf8 36. e5 Ke7 37. Bb3 Bc6 38. Kc2 Kd7 39. Ba2 Kc7 40. b4 Kb6 41. Bb3 a5
42. Kb2 a4 43. Ba2 Rh1 44. Kc2 Bb7 45. Kb2 Bc6 46. Kc2 Rh3 47. Kd2 Bf3 48. Kc2
Bg4 49. Kd2 Rh1 50. Kc2 Bf5 51. Rf3 Rh2+ 52. Kb1 Rd2 53. Ka1 Bxd3 54. Bb1 Bxb1
55. Kxb1 Kc6 0-1

[Event "SportAccord Blitz 2014"]
[Site "Beijing CHN"]
[Date "2014.12.13"]
[Round "20.7"]
[White "Gelfand, Boris"]
[Black "Bacrot, Etienne"]
[Result "0-1"]
[WhiteTitle "GM"]
[BlackTitle "GM"]
[WhiteElo "2743"]
[BlackElo "2718"]
[WhiteFideId "2805677"]
[BlackFideId "605506"]
[EventDate "2014.12.13"]

1. d4 Nf6 2. c4 g6 3. Nc3 Bg7 4. e4 d6 5. Nf3 O-O 6. Be2 e5 7. d5 a5 8. Bg5 h6
9. Bh4 Na6 10. Nd2 Qe8 11. O-O Bd7 12. a3 Nh7 13. Kh1 f5 14. exf5 gxf5 15. Bh5
Qc8 16. Be7 Re8 17. Bxe8 Qxe8 18. Bh4 Nc5 19. Qe2 e4 20. f4 Nd3 21. Rab1 Qg6 22.
Nd1 Nf6 23. Ne3 Nh5 24. g3 Nxb2 25. Nxe4 fxe4 26. Rxb2 Bxb2 27. Qxb2 Bh3 28.
Qxb7 Rf8 29. Rg1 Qg7 30. Qb3 Qd4 31. Rd1 Qc5 32. Re1 Qd4 33. Rd1 Qc5 34. Re1 a4
35. Qb2 Kh7 36. f5 Bxf5 37. Nxf5 Rxf5 38. Rxe4 Rf1+ 39. Kg2 Qg1+ 40. Kh3 Rf2 41.
Re7+ Kg6 42. Re6+ Kf7 43. Re7+ Kg6 44. Re6+ Kf5 45. Rf6+ Nxf6 46. Qxf6+ Ke4 47.
Qe6+ Kd3 48. Qxh6 Rxh2+ 49. Kg4 Qd1+ 50. Kf5 Qf3+ 51. Ke6 Re2+ 52. Kd7 Kxc4 53.
Qh7 Qxd5 54. Qh8 Qf7+ 55. Kc6 Rc2 56. Qb8 Kd3+ 0-1

[Event "SportAccord Blitz 2014"]
[Site "Beijing CHN"]
[Date "2014.12.13"]
[Round "20.8"]
[White "Aronian, Levon"]
[Black "Wang, Hao"]
[Result "1-0"]
[WhiteTitle "GM"]
[BlackTitle "GM"]
[WhiteElo "2797"]
[BlackElo "2710"]
[WhiteFideId "13300474"]
[BlackFideId "8602883"]
[EventDate "2014.12.13"]

1. Nf3 d5 2. d4 Nf6 3. c4 e6 4. Nc3 dxc4 5. e4 Bb4 6. Bxc4 Nxe4 7. O-O Nxc3 8.
bxc3 Be7 9. Qe2 O-O 10. Rd1 Nd7 11. Rd3 Nb6 12. Bb3 a5 13. Ne5 a4 14. Qh5 Nd5
15. Bc2 Nf6 16. Qh4 Nd7 17. Qh3 f5 18. Bf4 Nxe5 19. Bxe5 Bf6 20. Re1 Ra5 21.
Rde3 Bd7 22. Qg3 Bxe5 23. Rxe5 Rxe5 24. Qxe5 Re8 25. Bd3 c6 26. h3 b5 27. Re3
Qb8 28. Qc5 Qd8 29. Qd6 g6 30. Qg3 Qf6 31. Re5 Kg7 32. Be2 Qe7 33. Rc5 Rc8 34.
Bf3 Kf7 35. Qf4 Ke8 36. Qe5 Kf7 37. g3 Qf6 38. Qd6 Qe7 39. Qf4 Qf6 40. h4 Kg7
41. Qd6 Qf7 42. Bxc6 Bxc6 43. Rxc6 Rxc6 44. Qxc6 Qe7 45. Qxb5 Qa3 46. Qc4 Kf6
47. Kg2 h6 48. Qc8 Kf7 49. Qd7+ Kf6 50. Qe8 f4 51. gxf4 Kf5 52. Qf7+ Ke4 53.
Qxg6+ Kd5 54. f5 exf5 55. Qxf5+ Kc4 56. Qc5+ 1-0

[Event "SportAccord Blitz 2014"]
[Site "Beijing CHN"]
[Date "2014.12.15"]
[Round "21.2"]
[White "Nepomniachtchi, Ian"]
[Black "Wojtaszek, Radoslaw"]
[Result "0-1"]
[WhiteTitle "GM"]
[BlackTitle "GM"]
[WhiteElo "2714"]
[BlackElo "2744"]
[WhiteFideId "4168119"]
[BlackFideId "1118358"]
[EventDate "2014.12.13"]

1. e4 c6 2. Nc3 d5 3. Nf3 Bg4 4. h3 Bxf3 5. gxf3 e6 6. d4 Nd7 7. Bf4 Ngf6 8. Qd3
Nh5 9. Be3 g6 10. O-O-O Bg7 11. h4 O-O 12. Bh3 f5 13. Bg5 Bf6 14. Bh6 Bg7 15.
Bg5 Bf6 16. Qd2 Qe8 17. Kb1 Qf7 18. e5 Be7 19. Bf1 b5 20. Be2 Nb6 21. Rdg1 Nc4
22. Qc1 Bb4 23. Nd1 f4 24. c3 Be7 25. Bd3 c5 26. Bxe7 Qxe7 27. Qc2 Rf7 28. Bxg6
hxg6 29. Qxg6+ Rg7 30. Qxh5 cxd4 31. cxd4 Rc8 32. Nc3 b4 33. Ne2 b3 34. a4 Nd2+
35. Ka1 Rc2 36. Rxg7+ Qxg7 37. Qe8+ Kh7 38. Qxe6 Qf8 39. Qd6 Qe8 40. Qb4 Rc4 41.
Qb7+ Kh8 42. Nc3 Rxa4+ 0-1

[Event "SportAccord Blitz 2014"]
[Site "Beijing CHN"]
[Date "2014.12.15"]
[Round "21.5"]
[White "Wang, Hao"]
[Black "Gelfand, Boris"]
[Result "1-0"]
[WhiteTitle "GM"]
[BlackTitle "GM"]
[WhiteElo "2710"]
[BlackElo "2743"]
[WhiteFideId "8602883"]
[BlackFideId "2805677"]
[EventDate "2014.12.13"]

1. Nf3 c5 2. e4 d6 3. d4 cxd4 4. Nxd4 Nf6 5. Nc3 a6 6. Be3 Ng4 7. Bg5 h6 8. Bh4
g5 9. Bg3 Bg7 10. Be2 h5 11. Bxg4 hxg4 12. Nd5 Nc6 13. Nf5 Bxb2 14. Rb1 Bxf5 15.
exf5 Qa5+ 16. Qd2 Bf6 17. Rxb7 O-O 18. c3 Rab8 19. Rxb8 Rxb8 20. O-O Rb5 21. Rd1
Kg7 22. Bxd6 Rxd5 23. Qxd5 Qxd5 24. Rxd5 exd6 25. Rxd6 Nb8 26. c4 Be5 27. Rb6
Kf8 28. Kf1 Ke8 29. Ke2 Kd7 30. Kd3 Kc7 31. Rh6 f6 32. Ke4 Nd7 33. Kd5 Nb6+ 34.
Ke6 Nxc4 35. Rxf6 Bxf6 36. Kxf6 Kd6 37. Kxg5 Ke7 38. Kxg4 Kf6 39. Kf4 Nb2 40. g4
Nd3+ 41. Ke3 Nb4 42. a4 Kg5 43. h3 Nd5+ 44. Ke4 Nc3+ 45. Ke5 Nxa4 46. f4+ Kh6
47. Kf6 Nc3 48. g5+ Kh5 49. g6 Nd5+ 50. Kf7 1-0